| 000 | 00618cam a22002294a 4500 | ||
|---|---|---|---|
| 008 | |||
| 020 | _a0073375705 (pbk.) | ||
| 049 | 0 | _aMAIN | |
| 090 | 0 |
_aHB87 _bGUE |
|
| 100 | 1 | _aGuell, Robert C. | |
| 245 | 1 | 0 |
_aIssues in economics today / _cRobert C. Guell. |
| 250 | _a4th ed. | ||
| 260 |
_aBoston : _bMcGraw-Hill Irwin, _c2008. |
||
| 300 |
_axxiv, 516 p. : _bcol ill. ; _c26 cm. |
||
| 500 | _aIncludes index. | ||
| 650 | 0 | _aEconomics. | |
| 907 |
_a.b1028624x _b28-04-11 _c03-11-10 |
||
| 003 | |||
| 005 | 20230123125240.0 | ||
| 040 | _cNUST | ||
| 942 |
_cBOOKS _kHB87 _mGUE |
||
| 999 |
_c138293 _d138293 |
||